000 02483nam0a2200361 i 4500
001 RU\NLR\BIBL_A\011544328
005 20241115072752.0
010 _a9785350003130
_9200
021 _aRU
_b2017-85254
_96084
035 _a(RuMoRGB)009451328
035 _a(NLR Aleph) 011544328
090 _a12211830
_c12211830
100 _a20171201d2016 km y0rusy50 ca
101 0 _arus
102 _aRU
105 _ay|||j|||000zy
200 1 _aИнтегративная технология формирования компетенции бакалавров в области планирования урока физической культуры в условиях учебной практики
_e[учебное пособие для магистрантов и аспирантов по направлению подготовки 49.03.01 Физическая культура (квалификация - "бакалавр")]
_fВ. П. Копаев
_gМинистерство спорта Российской Федерации, Федеральное государственное бюджетное образовательное учреждение высшего образования "Великолукская государственная академия физической культуры и спорта"
210 _aВеликие Луки
_cВеликолукская городская типография
_d2016
215 _a143 с.
_cтабл.
_d21
320 _aБиблиогр.: с. 99-106 (92 назв.) и в тексте прил.: с. 107-142
606 _aИнституты физической культуры
_jУчебные издания для высших учебных заведений
_xПедагогическая практика
_91175670
_3RU\NLR\AUTH\66472390
606 _aФизическая культура и спорт
_jУчебные издания для высших учебных заведений
_xПреподавание
_xСредняя школа
_92148121
_3RU\NLR\AUTH\661293959
610 0 _aфизкультура в школе
610 0 _aучителя физкультуры
686 _aЧ489.518.267.3я73-1
_2rubbk
686 _aЧ426.73,6(2)-260.21я73-1
_2rubbk
686 1 _aЧ426.73я73
686 1 _aЧ489.53я73
700 1 _aКопаев
_bВ. П.
_gВалерий Павлович
942 _cBOOK
980 _aNBR